02592cam a22003732 b45000010008000000030009000080050017000170060019000340070015000530080041000680200018001090200053001270240018001800350026001980370013002240400022002370500011002590820037002701000031003072100039003382450039003772600065004165020006004815060043004875201050005305210066015807730048016468560130016949100040018249420012018649990019018769520159018959520164020548681063USPCAS-E20180118181422.0m d cr n 100401e20100813moua s|||||||| 2|eng|d a9780444535603 a0444535608 cUSD 165.00 Retail Price (Publisher)3 a9780444535603 a(WaSeSS)ssj0000466918 b00991439 aBIP USdWaSeSSc. 4aTK293100a621.312429015118222bKUL-A 20101 aKulikovsky, AndreieAuthor10aAnalytical Modelling of Fuel Cells10aAnalytical Modelling of Fuel Cells aSan Diego : bElsevier Science & Technology BookscAug. 2010 a. aLicense restrictions may limit access.8 aAnnotationbIn fuel cell research, the gap between fundamental electrochemical processes and the engineering of fuel cell systems is bridged by the physical modelling of fuel cells. This relatively new discipline aims to understand the basic transport and kinetic phenomena in a real cell and stack environment, paving the way for improved design and performance. The author brings his unique approach to the analytical modeling of fuel cells to this essential reference for energy technologists.Covers recent advances and analytical solutions to a range of problems faced by energy technologists, from catalyst layer performance to thermal stabilityProvides detailed graphs, charts and other tools (glossary, index) to maximize R&D output while minimizing costs and time spent on dead-end researchPresents Kulikovsky's signature approach (and the data to support it)-which uses "simplified" models based on idealized systems, basic geometries, and minimal assumptions-enabling qualitative understanding of the causes and effects of phenomena aScholarly & ProfessionalbElsevier Science & Technology Books 0teBook - Chemical Engineering 2010 [EBCCE10]40uhttp://www.columbia.edu/cgi-bin/cul/resolve?clio8681063zFull text available from eBook - Chemical Engineering 2010 [EBCCE10] aBowker Global Books in Print record 2ddccBK c356076d356076 00102ddc40708NFICaCAS-EbCAS-EcDISPLAYd2016-02-10eGolden booksg18073.00l0o621.312429015118 KUL-A 2010pCAS-E0001411r2016-02-10w2016-02-10yBK 00102ddc40708NFICaCAS-EbCAS-EcDISPLAYd2016-02-10eGolden booksg18073.00l0o621.312429015118 KUL-A 2010pCAS-E0001412r2016-02-10tC-2w2016-02-10yBK